• 首页
  • 本馆介绍
  • 公告通知
  • 最新文献
  • 馆藏检索
  • 电子资源
  • 读者导购
  • 参考咨询
  • 我的图书馆
  • 登录
  • 详细信息显示
  • 放入我的书架
  • 预约/预借图书
  • 作者相关作品
  • 分类相关作品
  • 丛书相关作品
  • 出版社相关作品

书目信息

  • 表格格式
  • 工作单格式
  • 卡片格式
题名:
电信网络分析
    
 
作者: 王文煊 编
分册:  
出版信息: 北京   中国铁道出版社  1984
页数: 417页
开本: 25cm
丛书名:
单 册:
中图分类: TN911.1 , TN711.1
科图分类:
主题词: 电信-网络分析 , 网络分析-电信 , 网络电路
电子资源:
ISBN:
000 00709nam0 2200277 45
001 0184016276
005 20040518112043.7
010    @dCNY2.75
091    @a15043.4156
100    @a19950615d1984 em y0chiy0121 ea
101 0  @achi
102    @aCN@b110000
105    @ay z 000yy
106    @ar
200 10 @a电信网络分析@Adian xin wang lao fen xi@f王文煊主编
210    @a北京@c中国铁道出版社@d1984
215    @a417页@d25cm
606    @a电信-网络分析
606    @a网络分析-电信
606 0  @a网络电路
690    @aTN911.1@v3 
690    @aTN711.1
701  0 @a王文煊@Awang wen xuan@4编
801  0 @aCN@b上海图书馆@c20040518
801  2 @aCN@bNLC@c20040518
905    @f1@b108083@dTN711.1@e53
    
    电信网络分析/王文煊主编.-北京:中国铁道出版社,1984
    417页;25cm
    
    
    ISBN :CNY2.75
    
●
相关链接 在E读中查询图书 在五车中查询图书 在当当中查询图书 在豆瓣中查询图书


正题名:电信网络分析     索取号:TN711.1/53         预约/预借

序号 登录号 条形码 馆藏地/架位号 状态 备注
1 0108083   001356455   第三借阅区/ [索取号:TN711.1/53] 在馆    
2 0108084   001356302   第二样本阅览室/ [索取号:TN711.1/53] 在馆    
唐山师范学院图书馆 欢迎您!
大连网信软件有限公司© 版权所有